The Biochemistry of Drug Metabolism: (Record no. 3605)

MARC details
000 -LEADER
fixed length control field 00471nam a22001457a 4500
008 - FIXED-LENGTH DATA ELEMENTS--GENERAL INFORMATION
fixed length control field 250522b |||||||| |||| 00| 0 eng d
020 ## - INTERNATIONAL STANDARD BOOK NUMBER
ISBN 9783906390543
100 ## - MAIN ENTRY--AUTHOR
Author Testa Bernard
245 ## - TITLE STATEMENT
Title The Biochemistry of Drug Metabolism:
Remainder of title Consequences of Metabolism, Influencing Factors.
260 ## - PUBLICATION, DISTRIBUTION, ETC. (IMPRINT)
Place of publication Zurich
Name of publisher Verlag Helvectica Chimica Acta, Wiley-VCH
Date of publication 2010
300 ## - COLLATION
Pagination xiii, 588p.
Other physical details illustration;
650 ## - TRACINGS
Main Subject Drug Metabolism
942 ## - ADDED ENTRY ELEMENTS (KOHA)
Item type Books
050 ## - LIBRARY OF CONGRESS CALL NUMBER
Classification number RM301.55
Item number .T47 2010
Holdings
Source of classification or shelving scheme Not for loan Permanent location Current location Date acquired Accession No. Full call number Barcode. Koha item type
Library of Congress Classification   Medical Library Medical Library 05/22/2025 2024/64117 RM301.55.T47 2010 2025-2078 Books